Open Data Biblioteca Nacional de Portugal


República Portuguesa: Ministério da Cultura
Biblioteca Nacional de Portugal

Catálogo da BNP: acesso por Identificadores Unívocos
Registos Bibliográficos associados ao registo de autoridade

Etiqueta de registo: 00254nbm 2200025 450
001 2286319
003 http://id.bnportugal.gov.pt/bib/catbnp/2286319
100 ## $a20260514j18431848k y0pory01030103ba
101 0# $apor
102 ## $aPT
105 ## $ay z 000yy
106 ## $ah
200 1# $a [ Ordens de serviço de José Feliciano de Castilho relativas aos procedimentos a adoptar por parte dos "Oficiais das Salas», e ao cumprimento de regulamentos]
210 #1 $aLisboa,$d9 de Outubro de 1843-4 de Julho de 1848
215 ## $a8 doc. (12 f.)$d32 cm
300 ## $aOriginais assinados pelo Bibliotecário-mor José Feliciano de Castilho, e por Pedro Nolasco de Seixas
321 1# $aInventário do Arquivo Histórico da Biblioteca Nacional: 1796-1950. Lisboa: BN, 1996. P. 56-57
700 #1 $aCastilho,$bJosé Feliciano de,$f1810-1879$341433
701 #1 $aSeixas,$bPedro Nolasco de$4070$31957235
801 #0 $aPT$bBN$gRPC
966 ## $lBN$mRESARQ$sAHBN/CR/08/Cx. 01-Mc. 04-01-08
971 ## $cmrosario$d20260514

Etiqueta de registo: 00254nbm 2200025 450
001 2216788
003 http://id.bnportugal.gov.pt/bib/catbnp/2216788
100 ## $a20250605f1852 k y0pory01030103ba
101 0# $apor
102 ## $aPT
105 ## $ay z 000yy
106 ## $ah
200 1# $a [ Portaria do Ministério do Reino, pela qual, a Rainha, participa ao Bibliotecário-mor da Biblioteca Pública de Lisboa, que na sequência do seu ofício sobre a faculdade concedida ao Conselho da Biblioteca para a permuta de alguns livros de teologia existentes no Depósito das Livrarias dos extintos Conventos por outras obras oferecidas pelo livreiro Theodoro Key, a fim de se fazer o mesmo contrato com as sociedades literárias, que concede autorização para o Conselho da Biblioteca celebrar contratos com quaisquer sociedades literárias ou cientificas de países estrangeiros para a permuta dos livros duplicados que existam no Deposito das livrarias]
210 #1 $a[Lisboa]$d[Ca 1852]
215 ## $a1 documento (1 f.)
300 ## $aCópia autêntica assinada por Pedro Nolasco de Seixas
306 ## $aOriginal datado de Paço das Necessidades, 27 de Janeiro de 1852
321 ## $aInventário do Arquivo Histórico da Biblioteca Nacional: 1796-1950. Lisboa: BN, 1996. P. 55
702 #1 $aSeixas,$bPedro Nolasco de$4070$31957235
710 01 $aPortugal.$bMinistério do Reino$3111548
801 #0 $aPT$bBN$gRPC
966 ## $lBN$mRESARQ$sAHBN/CR/05/Cx. 02-Mc. 08-102
971 ## $cmrosario$d20250605

Etiqueta de registo: 00254nbm 2200025 450
001 2216756
003 http://id.bnportugal.gov.pt/bib/catbnp/2216756
100 ## $a20250605f1801 k y0pory01030103ba
101 0# $apor
102 ## $aPT
105 ## $ay z 000yy
106 ## $ah
200 1# $a [ Portaria, pela qual, o Príncipe Regente, em resposta a um pedido de António Ribeiro dos Santos, para se mandar vir do Estrangeiro, obras periódicas, como anais, jornais literários e científicos que se pulicam na Grã-Bretanha, França, Alemanha e Itália, participa que autoriza que se entreguem do cofre do Subsídio Literário, quatro mil cruzados anualmente para essas aquisições]
210 #1 $a[Lisboa]$d[Ca 1801]
215 ## $a1 documento (1 f.)
300 ## $aCópia autentica assinada por Pedro Nolasco de Seixas
306 ## $aOriginal datado de Paço de Queluz, 30 de Dezembro de 1801
307 ## $aMutilado na margem esquerda
321 ## $aInventário do Arquivo Histórico da Biblioteca Nacional: 1796-1950. Lisboa: BN, 1996. P. 55
702 #1 $aSeixas,$bPedro Nolasco de$4070$31957235
710 01 $aPortugal.$bMinistério do Reino$3111548
801 #0 $aPT$bBN$gRPC
966 ## $lBN$mRESARQ$sAHBN/CR/05/Cx. 02-Mc. 08-101
971 ## $cmrosario$d20250605

Etiqueta de registo: 00254nbm 2200025 450
001 2217070
003 http://id.bnportugal.gov.pt/bib/catbnp/2217070
100 ## $a20250609f1854 k y0pory01030103ba
101 0# $apor
102 ## $aPT
105 ## $ay z 000yy
106 ## $ah
200 1# $a [ Portaria do Ministério do Reino, pela qual, o Rei, Regente em nome do Rei, participa ao Bibliotecário-mor da Biblioteca Pública de Lisboa, em resposta ao seu ofício de 23 de Maio de 1854, que apreciou muito ter-se concluído a Classificação e Catálogo das Bíblias, pelo Oficial, António José Viale, e que relativamente à nomeação de três empregados para o trabalho da classificação e do Catálogo dos Padres da Igreja e Expositores Sagrados, para proceder conforme a lei]
210 #1 $a[Lisboa]$d[Ca 1854]
215 ## $a1 documento (1 f.)
300 ## $aCópia autêntica assinada por Pedro Nolasco de Seixas
306 ## $aOriginal datado de Paço das Necessidades, 13 de Julho de 1854
321 ## $aInventário do Arquivo Histórico da Biblioteca Nacional: 1796-1950. Lisboa: BN, 1996. P. 55
702 #1 $aSeixas,$bPedro Nolasco de$4070$31957235
710 01 $aPortugal.$bMinistério do Reino$3111548
801 #0 $aPT$bBN$gRPC
966 ## $lBN$mRESARQ$sAHBN/CR/05/Cx. 02-Mc. 08-110
971 ## $cmrosario$d20250611

Etiqueta de registo: 00254nbm 2200025 450
001 2217068
003 http://id.bnportugal.gov.pt/bib/catbnp/2217068
100 ## $a20250609f1853 k y0pory01030103ba
101 0# $apor
102 ## $aPT
105 ## $ay z 000yy
106 ## $ah
200 1# $a [ Portaria do Ministério do Reino, pela qual, o Rei, Regente em nome do Rei, participa ao Bibliotecário-mor da Biblioteca Pública de Lisboa, em resposta ao seu ofício de 5 de Dezembro de 1853, que está autorizado a mandar separar para trocas os livros em duplicado das duas livrarias de João de Mello Manuel da Câmara e Cipriano Ribeiro Freire, e remover para o Depósito das Livrarias dos extintos conventos os que se encontre, truncados, a fim de, em tempo oportuno, se completarem]
210 #1 $a[Lisboa]$d[Ca 1853]
215 ## $a1 documento (1 f.)
300 ## $aCópia autêntica assinada por Pedro Nolasco de Seixas
306 ## $aOriginal datado de Paço das Necessidades, 9 de Dezembro de 1853
321 ## $aInventário do Arquivo Histórico da Biblioteca Nacional: 1796-1950. Lisboa: BN, 1996. P. 55
702 #1 $aSeixas,$bPedro Nolasco de$4070$31957235
710 01 $aPortugal.$bMinistério do Reino$3111548
801 #0 $aPT$bBN$gRPC
966 ## $lBN$mRESARQ$sAHBN/CR/05/Cx. 02-Mc. 08-109
971 ## $cmrosario$d20250609

Etiqueta de registo: 00254nbm 2200025 450
001 2217030
003 http://id.bnportugal.gov.pt/bib/catbnp/2217030
100 ## $a20250609f1853 k y0pory01030103ba
101 0# $apor
102 ## $aPT
105 ## $ay z 000yy
106 ## $ah
200 1# $a [ Portaria do Ministério do Reino, pela qual, a Rainha, participa ao Bibliotecário-mor da Biblioteca Pública de Lisboa, em resposta ao seu ofício de 19 de Outubro de 1853, que não foi aprovada a sua proposta de chamar mais três indivíduos para auxiliarem nos trabalhos os empregados da Biblioteca, encarregados de separar no Depósito das Livrarias dos extintos conventos, as obras que a Biblioteca ainda carece, por não haver verba no orçamento]
210 #1 $a[Lisboa]$d[Ca 1853]
215 ## $a1 documento (1 f.)
300 ## $aCópia autêntica assinada por Pedro Nolasco de Seixas
306 ## $aOriginal datado de Paço das Necessidades, 12 de Novembro de 1853
321 ## $aInventário do Arquivo Histórico da Biblioteca Nacional: 1796-1950. Lisboa: BN, 1996. P. 55
702 #1 $aSeixas,$bPedro Nolasco de$4070$31957235
710 01 $aPortugal.$bMinistério do Reino$3111548
801 #0 $aPT$bBN$gRPC
966 ## $lBN$mRESARQ$sAHBN/CR/05/Cx. 02-Mc. 08-108
971 ## $cmrosario$d20250609

Etiqueta de registo: 00254nbm 2200025 450
001 2217029
003 http://id.bnportugal.gov.pt/bib/catbnp/2217029
100 ## $a20250609f1853 m y0pory01030103ba
101 0# $apor
102 ## $aPT
105 ## $ay z 000yy
106 ## $ah
200 1# $a [ Portaria do Ministério do Reino, pela qual, a Rainha, participa ao Bibliotecário-mor da Biblioteca Pública de Lisboa, para seu conhecimento e fins convenientes, e em resposta ao seu ofício de 23 de Maio de 1853, que se proceda conforme as Portarias de 5 de Dezembro de 1851 e de 27 de Janeiro de 1852, ou seja, cabe ao Conselho da Biblioteca proceder aos contratos de permutação dos livros duplicados das Livrarias dos extintos conventos, e cabe ao Bibliotecário -mor, prover a execução literal das condições expressas nesses contratos]
210 #1 $a[Lisboa]$d[Ca 1853]
215 ## $a1 documento (1 f.)
300 ## $aCópia autêntica assinada por Pedro Nolasco de Seixas
306 ## $aOriginal datado de Paço das Necessidades, 27 de Maio de 1853
321 ## $aInventário do Arquivo Histórico da Biblioteca Nacional: 1796-1950. Lisboa: BN, 1996. P. 55
702 #1 $aSeixas,$bPedro Nolasco de$4070$31957235
710 01 $aPortugal.$bMinistério do Reino$3111548
801 #0 $aPT$bBN$gRPC
966 ## $lBN$mRESARQ$sAHBN/CR/05/Cx. 02-Mc. 08-107
971 ## $cmrosario$d20250609

Etiqueta de registo: 00254nbm 2200025 450
001 2217012
003 http://id.bnportugal.gov.pt/bib/catbnp/2217012
100 ## $a20250609f1853 k y0pory01030103ba
101 0# $apor
102 ## $aPT
105 ## $ay z 000yy
106 ## $ah
200 1# $a [ Portaria do Ministério do Reino, pela qual, a Rainha, participa ao Bibliotecário-mor da Biblioteca Nacional de Lisboa que autoriza a transferência do Oficial António José Viale, da repartição dos Impressos para a dos Manuscritos, a fim de organizar, sob a direcção do Conservador dos Manuscritos e antiguidades, o catálogo]
210 #1 $a[Lisboa]$d[Ca 1853]
215 ## $a1 documento (1 f.)
300 ## $aCópia autêntica assinada por Pedro Nolasco de Seixas
306 ## $aOriginal datado de Paço das Necessidades, 21 de Março de 1853
321 ## $aInventário do Arquivo Histórico da Biblioteca Nacional: 1796-1950. Lisboa: BN, 1996. P. 55
702 #1 $aSeixas,$bPedro Nolasco de$4070$31957235
710 01 $aPortugal.$bMinistério do Reino$3111548
801 #0 $aPT$bBN$gRPC
966 ## $lBN$mRESARQ$sAHBN/CR/05/Cx. 02-Mc. 08-106
971 ## $cmrosario$d20250609

Etiqueta de registo: 00254nbm 2200025 450
001 2217008
003 http://id.bnportugal.gov.pt/bib/catbnp/2217008
100 ## $a20250609f1852 k y0pory01030103ba
101 0# $apor
102 ## $aPT
105 ## $ay z 000yy
106 ## $ah
200 1# $a [ Portaria do Ministério do Reino, pela qual, a Rainha, solicita ao Bibliotecário-mor da Biblioteca Nacional de Lisboa para escolher quem melhor desempenhe o trabalho de fazer os catálogos dos livros do Depósito dos extintos conventos, em conformidade com a Portaria de 27 de Janeiro de 1852]
210 #1 $a[Lisboa]$d[Ca 1852]
215 ## $a1 documento (1 f.)
300 ## $aCópia autêntica assinada por Pedro Nolasco de Seixas
306 ## $aOriginal datado de Paço das Necessidades, 31 de Janeiro de 1852
321 ## $aInventário do Arquivo Histórico da Biblioteca Nacional: 1796-1950. Lisboa: BN, 1996. P. 55
702 #1 $aSeixas,$bPedro Nolasco de$4070$31957235
710 01 $aPortugal.$bMinistério do Reino$3111548
801 #0 $aPT$bBN$gRPC
966 ## $lBN$mRESARQ$sAHBN/CR/05/Cx. 02-Mc. 08-105
971 ## $cmrosario$d20250609

Etiqueta de registo: 00254nbm 2200025 450
001 2217151
003 http://id.bnportugal.gov.pt/bib/catbnp/2217151
100 ## $a20250611f1855 k y0pory01030103ba
101 0# $apor
102 ## $aPT
105 ## $ay z 000yy
106 ## $ah
200 1# $a [ Portaria pela qual o Rei participa ao Bibliotecário-mor da Biblioteca Nacional de Lisboa, em resposta à sua exposição de 29 de Setembro a respeito do provimento da Cadeira de Numismática criada pela Carta de Lei de 19 de Julho, que deveria cumprir as ordens que lhe foram transmitidas na Portaria do Tribunal de 22 de Setembro, fazendo anunciar o concurso por 15 dias, restrito aos funcionários da Biblioteca]
210 #1 $a[Lisboa]$d[ca. 1855]
215 ## $a1 documento (1 f.)
300 ## $aCópia autêntica assinada por Pedro Nolasco de Seixas
306 ## $aOriginal datado de Coimbra, 18 de Outubro de 1855
321 ## $aInventário do Arquivo Histórico da Biblioteca Nacional: 1796-1950. Lisboa: BN, 1996. P. 55
702 #1 $aSeixas,$bPedro Nolasco de$4070$31957235
710 01 $aPortugal.$bMinistério do Reino$3111548
801 #0 $aPT$bBN$gRPC
966 ## $lBN$mRESARQ$sAHBN/CR/05/Cx. 02-Mc. 08-114
971 ## $cmrosario$d20250612

Etiqueta de registo: 00254nbm 2200025 450
001 2217147
003 http://id.bnportugal.gov.pt/bib/catbnp/2217147
100 ## $a20250611f1855 k y0pory01030103ba
101 0# $apor
102 ## $aPT
105 ## $ay z 000yy
106 ## $ah
200 1# $a [ Portaria pela qual o Rei solicita ao Bibliotecário-mor da Biblioteca Nacional de Lisboa para afixar à porta da Biblioteca o Edital anunciando um concurso pelo prazo de quinze dias, durante os quais poderiam os funcionários da Biblioteca apresentar requerimentos legalmente documentados, que mostrassem a sua aptidão para reger a cadeira de numismática, criada pela Carta de Lei de 19 de Julho de 1855, e que findo o concurso remetesse os requerimentos com o seu parecer ao Conselho Superior de Instrução Pública]
210 #1 $a[Lisboa]$d[ca. 1855]
215 ## $a1 documento (1 f.)
300 ## $aCópia autêntica assinada por Pedro Nolasco de Seixas
306 ## $aOriginal datado de Coimbra, 22 de Setembro de 1855
321 ## $aInventário do Arquivo Histórico da Biblioteca Nacional: 1796-1950. Lisboa: BN, 1996. P. 55
702 #1 $aSeixas,$bPedro Nolasco de$4070$31957235
710 01 $aPortugal.$bMinistério do Reino$3111548
801 #0 $aPT$bBN$gRPC
966 ## $lBN$mRESARQ$sAHBN/CR/05/Cx. 02-Mc. 08-113
971 ## $cmrosario$d20250611

Etiqueta de registo: 00254nbm 2200025 450
001 2217140
003 http://id.bnportugal.gov.pt/bib/catbnp/2217140
100 ## $a20250611f1855 k y0pory01030103ba
101 0# $apor
102 ## $aPT
105 ## $ay z 000yy
106 ## $ah
200 1# $a [ Portaria do Ministério do Reino, pela qual, o Rei, Regente em nome do Rei, participa o que as Cortes Gerais decretaram sobre a criação e de uma cadeira de Numismática na Biblioteca Nacional de Lisboa]
210 #1 $a[Lisboa]$d[Ca 1855]
215 ## $a1 documento (1 f.)
300 ## $aCópia autêntica assinada por Pedro Nolasco de Seixas
306 ## $aOriginal datado de Paço de Cintra, 19 de Julho de 1855
321 ## $aInventário do Arquivo Histórico da Biblioteca Nacional: 1796-1950. Lisboa: BN, 1996. P. 55
702 #1 $aSeixas,$bPedro Nolasco de$4070$31957235
710 01 $aPortugal.$bMinistério do Reino$3111548
801 #0 $aPT$bBN$gRPC
966 ## $lBN$mRESARQ$sAHBN/CR/05/Cx. 02-Mc. 08-112
971 ## $cmrosario$d20250611

Etiqueta de registo: 00254nbm 2200025 450
001 2217135
003 http://id.bnportugal.gov.pt/bib/catbnp/2217135
100 ## $a20250611f1855 k y0pory01030103ba
101 0# $apor
102 ## $aPT
105 ## $ay z 000yy
106 ## $ah
200 1# $a [ Portaria do Ministério do Reino, pela qual, o Rei, Regente em nome do Rei, participa ao Bibliotecário-mor da Biblioteca Pública de Lisboa, em resposta ao seu ofício de 28 de Fevereiro de 1852, que aprova a proposta da troca de vinte e duas obras da Biblioteca, por uma colecção completa das Obras da Sociedade de Geografia de Paris, composta de 7 volumes]
210 #1 $a[Lisboa]$d[Ca 1855]
215 ## $a1 documento (1 f.)
300 ## $aCópia autêntica assinada por Pedro Nolasco de Seixas
306 ## $aOriginal datado de Paço das Necessidades, 11 de Janeiro de 1855
321 ## $aInventário do Arquivo Histórico da Biblioteca Nacional: 1796-1950. Lisboa: BN, 1996. P. 55
702 #1 $aSeixas,$bPedro Nolasco de$4070$31957235
710 01 $aPortugal.$bMinistério do Reino$3111548
801 #0 $aPT$bBN$gRPC
966 ## $lBN$mRESARQ$sAHBN/CR/05/Cx. 02-Mc. 08-111
971 ## $cmrosario$d20250611

Etiqueta de registo: 00254nbm 2200025 450
001 2217238
003 http://id.bnportugal.gov.pt/bib/catbnp/2217238
100 ## $a20250612f1856 k y0pory01030103ba
101 0# $apor
102 ## $aPT
105 ## $ay z 000yy
106 ## $ah
200 1# $a [ Portaria, pela qual, o Rei participa ao Bibliotecário-mor da Biblioteca Nacional de Lisboa, em resposta ao seu ofício de 17 de Dezembro de 1856 pedindo esclarecimentos sobre os dois Ajudantes da Biblioteca providos antes da Lei que criou a Aula de Numismática, que são obrigados a frequentá-la, assim como o Contínuo graduado em Ajudante, Ernesto Frederico de Mesquita, referindo relativamente aos Ajudantes que a resolução do que solicita está cntemplada na lei, mas em relação ao Contínuo não lhe é aplicável]
210 #1 $a[Lisboa]$d[ca. 1856]
215 ## $a1 documento (1 f.)
300 ## $aCópia autêntica assinada por Pedro Nolasco de Seixas
306 ## $aOriginal datado de Paço das Necessidades, 12 de Dezembro de 1856
321 ## $aInventário do Arquivo Histórico da Biblioteca Nacional: 1796-1950. Lisboa: BN, 1996. P. 55
702 #1 $aSeixas,$bPedro Nolasco de$4070$31957235
710 01 $aPortugal.$bMinistério do Reino$3111548
801 #0 $aPT$bBN$gRPC
966 ## $lBN$mRESARQ$sAHBN/CR/05/Cx. 02-Mc. 08-120
971 ## $cmrosario$d20250612

Etiqueta de registo: 00254nbm 2200025 450
001 2217225
003 http://id.bnportugal.gov.pt/bib/catbnp/2217225
100 ## $a20250612f1856 k y0pory01030103ba
101 0# $apor
102 ## $aPT
105 ## $ay z 000yy
106 ## $ah
200 1# $a [ Portaria pela qual o Rei participa ao Bibliotecário-mor da Biblioteca Nacional de Lisboa, em resposta ao seu ofício de 22 de Novembro de 1856 em que remetera uma relação de 4.155 volumes que se encontravam no respectivo Depósito, que a Biblioteca poderia dispor dessas obras para serem trocadas por outras, referindo quanto à autorização para fazer a troca com Casa Rei e Belhate de Paris com a qual fizera contrato, que futuramente não deveria ter exclusivo e as trocas teriam de ser efetuadas com quem promovesse as melhores condições]
210 #1 $a[Lisboa]$d[ca. 1856]
215 ## $a1 documento (1 f.)
300 ## $aCópia autêntica assinada por Pedro Nolasco de Seixas
306 ## $aOriginal datado de Paço das Necessidades, 17 de Dezembro de 1856
321 ## $aInventário do Arquivo Histórico da Biblioteca Nacional: 1796-1950. Lisboa: BN, 1996. P. 55
702 #1 $aSeixas,$bPedro Nolasco de$4070$31957235
710 01 $aPortugal.$bMinistério do Reino$3111548
801 #0 $aPT$bBN$gRPC
966 ## $lBN$mRESARQ$sAHBN/CR/05/Cx. 02-Mc. 08-119
971 ## $cmrosario$d20250612

Etiqueta de registo: 00254nbm 2200025 450
001 2217221
003 http://id.bnportugal.gov.pt/bib/catbnp/2217221
100 ## $a20250612f1856 k y0pory01030103ba
101 0# $apor
102 ## $aPT
105 ## $ay z 000yy
106 ## $ah
200 1# $a [ Portaria pela qual o Rei participa ao Bibliotecário-mor da Biblioteca Nacional de Lisboa, em resposta ao seu ofício de 22 de Novembro de 1856 referindo a conveniência em continuar com a troca de livros com a Casa «Rei» de Paris, troca para a qual fora autorizado o respectivo Conselho Administrativo conforme a Portaria de 5 de Dezembro de 1851, que deveria remeter aquele Ministério a cópia autêntica da Acta do Conselho Administrativo, que nos termos do artigo 22.º do Regulamento se devia lavrar no livro competente, relativamente ao acordo de apresentar ao governo a proposta a fim do Rei poder resolver com conhecimento de causa]
210 #1 $a[Lisboa]$d[ca. 1856]
215 ## $a1 documento (1 f.)
300 ## $aCópia autêntica assinada por Pedro Nolasco de Seixas
306 ## $aOriginal datado de Paço das Necessidades, 24 de Novembro de 1856
321 ## $aInventário do Arquivo Histórico da Biblioteca Nacional: 1796-1950. Lisboa: BN, 1996. P. 55
702 #1 $aSeixas,$bPedro Nolasco de$4070$31957235
710 01 $aPortugal.$bMinistério do Reino$3111548
801 #0 $aPT$bBN$gRPC
966 ## $lBN$mRESARQ$sAHBN/CR/05/Cx. 02-Mc. 08-118
971 ## $cmrosario$d20250612

Etiqueta de registo: 00254nbm 2200025 450
001 2217218
003 http://id.bnportugal.gov.pt/bib/catbnp/2217218
100 ## $a20250612f1856 k y0pory01030103ba
101 0# $apor
102 ## $aPT
105 ## $ay z 000yy
106 ## $ah
200 1# $a [ Portaria, pela qual, o Rei, participa ao Bibliotecário-mor da Biblioteca Nacional de Lisboa, em resposta à sua exposição de 1 de Fevereiro de 1854, onde pedia que fosse aprovado pelo Governo o projeto de Regulamento que o mesmo Bibliotecário-mor propunha como substituição do existente, que só pelo Poder Legislativo poderia ser alterado]
210 #1 $a[Lisboa]$d[Ca 1856]
215 ## $a1 documento (1 f.)
300 ## $aCópia autêntica assinada por Pedro Nolasco de Seixas
306 ## $aOriginal datado de Paço das Necessidades, 30 de Outubro de 1856
321 ## $aInventário do Arquivo Histórico da Biblioteca Nacional: 1796-1950. Lisboa: BN, 1996. P. 55
702 #1 $aSeixas,$bPedro Nolasco de$4070$31957235
710 01 $aPortugal.$bMinistério do Reino$3111548
801 #0 $aPT$bBN$gRPC
966 ## $lBN$mRESARQ$sAHBN/CR/05/Cx. 02-Mc. 08-117
971 ## $cmrosario$d20250612

Etiqueta de registo: 00254nbm 2200025 450
001 2217213
003 http://id.bnportugal.gov.pt/bib/catbnp/2217213
100 ## $a20250612f1856 k y0pory01030103ba
101 0# $apor
102 ## $aPT
105 ## $ay z 000yy
106 ## $ah
200 1# $a [ Portaria, pela qual, o Rei, participa ao Bibliotecário-mor da Biblioteca Nacional de Lisboa, em resposta ao seu ofício de 18 de Outubro de 1856, onde pede providências para evitar abusos, como o de ter-se facultado a saída para a Academia Real das Ciências, de um manuscrito pertencente à Livraria de D. Francisco Manuel de Melo, não respeitando as ordens superiores que não permitiam esta prática, que as ordens devem ser integralmente cumpridas e observadas, e para evitar este e outros abusos que torne efectiva a inspecção que lhe compete exercer, e cumpra rigorosamente os Estatutos, ordens superiores, e resoluções do respectivo Conselho]
210 #1 $a[Lisboa]$d[Ca 1856]
215 ## $a1 documento (1 f.)
300 ## $aCópia autêntica assinada por Pedro Nolasco de Seixas
306 ## $aOriginal datado de Paço das Necessidades, 23 de Outubro de 1856
321 ## $aInventário do Arquivo Histórico da Biblioteca Nacional: 1796-1950. Lisboa: BN, 1996. P. 55
702 #1 $aSeixas,$bPedro Nolasco de$4070$31957235
710 01 $aPortugal.$bMinistério do Reino$3111548
801 #0 $aPT$bBN$gRPC
966 ## $lBN$mRESARQ$sAHBN/CR/05/Cx. 02-Mc. 08-116
971 ## $cmrosario$d20250612

Etiqueta de registo: 00254nbm 2200025 450
001 2217197
003 http://id.bnportugal.gov.pt/bib/catbnp/2217197
100 ## $a20250612f1855 k y0pory01030103ba
101 0# $apor
102 ## $aPT
105 ## $ay z 000yy
106 ## $ah
200 1# $a [ Portaria pela qual o Rei participa ao Bibliotecário-mor da Biblioteca Nacional de Lisboa, em resposta à sua nova exposição datada de 27, e em aditamento à Portaria expedida pelo Conselho Superior de Instrução Pública de 18 de Outubro de 1855, que a proposta graduada dos candidatos ao lugar de Professor da Cadeira de Numismática deveria ser feita nos termos do Artigo 10.º do Decreto de 7 de Dezembro de 1836 e em conformidade do Regulamento de 25 de Junho de 1851, pelo Conselho Administrativo da Biblioteca que constituía o júri legal]
210 #1 $a[Lisboa]$d[ca. 1855]
215 ## $a1 documento (1 f.)
300 ## $aCópia autêntica assinada por Pedro Nolasco de Seixas
306 ## $aOriginal datado de Coimbra, 31 de Outubro de 1855
321 ## $aInventário do Arquivo Histórico da Biblioteca Nacional: 1796-1950. Lisboa: BN, 1996. P. 55
702 #1 $aSeixas,$bPedro Nolasco de$4070$31957235
710 01 $aPortugal.$bMinistério do Reino$3111548
801 #0 $aPT$bBN$gRPC
966 ## $lBN$mRESARQ$sAHBN/CR/05/Cx. 02-Mc. 08-115
971 ## $cmrosario$d20250612

Etiqueta de registo: 00254nbm 2200025 450
001 2219638
003 http://id.bnportugal.gov.pt/bib/catbnp/2219638
100 ## $a20250708d1857 k y0pory01030103ba
101 0# $apor
102 ## $aPT
105 ## $ay z 000yy
106 ## $ah
200 1# $a [ Relação das obras entradas na Biblioteca de 21 de Maio de 1851 até 30 de Abril de 1857]
210 #1 $aLisboa,$d30 de Abril de 1857
215 ## $a1 f.$d32 cm
300 ## $aOriginal assinado por Pedro Nolasco de Seixas
321 1# $aInventário do Arquivo Histórico da Biblioteca Nacional: 1796-1950. Lisboa: BN, 1996. P. 100-101
701 #1 $aSeixas,$bPedro Nolasco de$4070$31957235
710 01 $aPortugal.$bBiblioteca Nacional de Lisboa$3992452
801 #0 $aPT$bBN$gRPC
966 ## $lBN$mRESARQ$sAHBN/AC/07/Cx. 03-Mc. 18
971 ## $cmrosario$d20250708

OpendataBNP@bnportugal.pt | Mais informação sobre acesso aos dados BNP